000 00566nam a2200205Ia 4500
001 15392
003 GE_BSU
008 181216s||||||||xx |||||||||||||| ||und||
040 _cGE_BSU
080 _a821.353.1
100 _aქუთათელი, ა.
245 _aთხზულებანი 4 ტომად.
245 _bლექსები
260 _aთბილისი
260 _bსაბჭოთა საქართველო
260 _c1970
300 _a305გვ.20სმ.
653 _aლექსები
942 _cBK
999 _c48496
_d48496